000 00921cab a2200253 4500
001 ABS67605
008 040316n2004 000 0 eng u
035 _a(Sirsi) u125429
100 _aBarnes, Y.
245 _aUrban land value growth to slow this year
260 _c2004
490 _aProperty Forecast
_v7(2) February 2004, 12-13(2)
520 _aExamines prospects for the land market in 2004. Discusses demand for greenfield and brownfield sites, the role of housebuilders and the impact of city centre living on the land economy in cities. Predicts overall growth of 2% for the UK as a whole. Graphs.
590 _aABS
650 _aURBAN LAND
650 _aLAND VALUES
650 _aLAND MARKETS
650 _aFORECASTING
650 _aBROWNFIELD LAND
650 _aGREENFIELD LAND
650 _aHOUSE BUILDERS
690 _aPROPERTY-COMMERCIAL PROPERTY-COMMERCIAL PROPERTY MARKET
942 _n0
999 _c74271
_d74271